[Event "SVK-ch U10"]
[Site "Brezova pod Bradlom"]
[Date "2006.03.06"]
[Round "3"]
[White "Sepesi, Samuel"]
[Black "Czenger, Geza"]
[Result "1-0"]
[WhiteElo "1350"]
[BlackElo "1350"]
[PlyCount "55"]
[EventDate "2006.03.05"]
[EventType "swiss"]
[EventRounds "9"]
[EventCountry "SVK"]
[SourceTitle "EXT 2008"]
[Source "ChessBase"]
[SourceDate "2007.11.25"]
[SourceVersion "1"]
[SourceVersionDate "2007.11.25"]
[SourceQuality "1"]

1. e4 e5 2. Nf3 Nc6 3. Bc4 Nd4 4. d3 Nxf3+ 5. Qxf3 Nf6 6. Bg5 h6 7. Bxf6 gxf6 8. 0-0 d6 9. Nc3 f5 10. exf5 Qd7 11. f6 Rg8 12. g3 Qf5 13. Bd5 Qxf3 14. Bxf3 Bh3 15. Nd5 0-0-0 16. Rfe1 c6 17. Nc3 Rg6 18. Ne4 d5 19. Bh5 Bb4 20. c3 Rgg8 21. cxb4 dxe4 22. Bxf7 Rgf8 23. Be6+ Kb8 24. Bxh3 Rxf6 25. Rxe4 Rxd3 26. Rxe5 Rfd6 27. Bg4 Rd1+ 28. Bxd1 1-0